Tableau des médailles olympiques - Football - Statistiques

Statistiques générales
  • Ce quiz a été pris 91 fois
  • Le résultat moyen est 13 sur 18
Statistiques - réponses
Total Or Argent Bronze Pays % Correct
9 2 5 2 Brésil
95%
4 2 2 0 Argentine
94%
4 1 3 0 Espagne
92%
3 1 1 1 Allemagne de l’Est
91%
8 4 2 2 États-Unis
91%
5 1 1 3 Allemagne
89%
3 3 0 0 Grande-Bretagne
89%
3 1 0 2 Italie
85%
4 2 0 2 Canada
78%
3 0 0 3 Pays-Bas
72%
5 1 2 2 Suède
68%
3 1 2 0 Pologne
65%
5 2 0 3 Union soviétique
65%
3 1 0 2 Norvège
60%
5 1 3 1 Yougoslavie
51%
4 0 3 1 Danemark
47%
5 3 1 1 Hongrie
47%
3 1 1 1 Nigéria
47%
Aucun quiz correspondant
Distribution des résultats
% des personnes avec chaque résultat
Percentile par nombre de réponses
Votre historique - résultats
Vous n’avez pas pris ce quiz